How to deal with dirty dirt (Record no. 77004)
[ view plain ]
| 000 -LEADER | |
|---|---|
| fixed length control field | 01132cab a2200193 4500 |
| 001 - CONTROL NUMBER | |
| control field | ##L133433 |
| 008 - FIXED-LENGTH DATA ELEMENTS--GENERAL INFORMATION | |
| fixed length control field | 060508n 000 0 eng u |
| 035 ## - SYSTEM CONTROL NUMBER | |
| System control number | (Sirsi) u133433 |
| 041 0# - LANGUAGE CODE | |
| Language code of text/sound track or separate title | eng |
| 100 1# - MAIN ENTRY--PERSONAL NAME | |
| Personal name | Rice, Paul |
| 245 00 - TITLE STATEMENT | |
| Title | How to deal with dirty dirt |
| 490 #0 - SERIES STATEMENT | |
| Series statement | Estates Gazette |
| Volume/sequential designation | (0617) 29 April 2006, 106-107(2) |
| 520 ## - SUMMARY, ETC. | |
| Summary, etc. | Suggests that developers will get clearer waste management guidance from new legislative and policy developments. Asks whether changes bring ushered in by the Clean Neighbourhoods and Environment Act 2005 will work and how mobile treatment plant licensing will be amended. Discusses the "Walle" ([2004] EUECJ C-1/03, Abs68627) ruling on the classification of contaminated soils and its possible effect on Environment Agency policy in respect of arisings reused on site being classified as waste or not. A national policy statement from the Environment Agency on this matter is awaited with interest. |
| 590 ## - LOCAL NOTE (RLIN) | |
| Local note | IKA090506 |
| 650 ## - SUBJECT ADDED ENTRY--TOPICAL TERM | |
| Topical term or geographic name entry element | WALLE CASE |
| 650 24 - SUBJECT ADDED ENTRY--TOPICAL TERM | |
| Topical term or geographic name entry element | CLEAN NEIGHBOURHOODS AND ENVIRONMENT ACT 2005 |
| 690 ## - LOCAL SUBJECT ADDED ENTRY--TOPICAL TERM (OCLC, RLIN) | |
| Topical term or geographic name as entry element | ENVIRONMENTAL AND LAND CONSULTANCY-WASTE MANAGEMENT |
| 942 ## - ADDED ENTRY ELEMENTS (KOHA) | |
| Suppress in OPAC | 0 |
| Withdrawn status | Lost status | Source of classification or shelving scheme | Damaged status | Not for loan | Home library | Current library | Shelving location | Date acquired | Total Checkouts | Full call number | Barcode | Date last seen | Copy number | Price effective from | Koha item type |
|---|---|---|---|---|---|---|---|---|---|---|---|---|---|---|---|
| Dewey Decimal Classification | London | London | Journal article | 08/05/2006 | L133433 | 133433-1001 | 06/08/2019 | 1 | 06/08/2019 | Journal article |